[Event "Vaxjo op"]
[Site "Vaxjo"]
[Date "2024.02.09"]
[Round "4"]
[White "Wickstrom, Carina"]
[Black "Mashhadi, Peyman"]
[Result "0-1"]
[WhiteElo "1884"]
[BlackElo "2073"]
[PlyCount "70"]
[EventDate "2024.02.09"]
[EventType "swiss"]
[EventRounds "8"]
[EventCountry "SWE"]
[SourceTitle "CB07_2024"]
[SourceDate "2024.02.14"]
[SourceVersion "1"]
[SourceVersionDate "2024.02.14"]
[SourceQuality "1"]

1. e4 e6 2. d4 d5 3. Nc3 Nf6 4. e5 Nfd7 5. f4 c5 6. Nf3 Nc6 7. Be3 a6 8. Ne2 b5 9. g3 Qb6 10. Bg2 cxd4 11. Nexd4 Bc5 12. 0-0 Bb7 13. Kh1 g6 14. c3 b4 15. cxb4 Nxb4 16. a3 Nc6 17. b4 Bxd4 18. Nxd4 Qd8 19. Rc1 Nxd4 20. Qxd4 0-0 21. Rc2 Rc8 22. Rfc1 Rxc2 23. Rxc2 Qb8 24. a4 Rc8 25. Rxc8+ Qxc8 26. b5 axb5 27. axb5 Qc2 28. b6 Ba6 29. Qb4 Qc6 30. h4 Kg7 31. Kh2 Bb7 32. h5 Qc2 33. hxg6 hxg6 34. Qd6 d4 35. Bxd4 Qxg2# 0-1